000 00883 a2200253 4500
003 OSt
005 20260203113348.0
008 120530t xxu||||| |||| 00| 0 eng d
010 _a 2008055160
020 _a9781568988504 (alk. paper)
040 _c0
082 0 0 _a720.922
100 1 _aBonnemaison, Sarah.
_933579
245 1 0 _aInstallations by architects :
_bexperiments in building and design /
_cSarah Bonnemaison and Ronit Eisenbach.
260 _aNew York :
_bPrinceton Architectural Press,
_c2009.
300 _a192 p. :
_bcol. ill., maps ;
_c26 cm.
650 0 _aInstallations (Art)
_933580
650 0 _aArchitects as artists.
_933581
650 0 _aColor in nature
_933582
650 0 _aPublic spaces.
_926778
700 1 _aEisenbach, Ronit,
_d1962-
_933583
942 _aSADA
_cBK
_k720.922 BON 2009
_2ddc
999 _c352753
_d352753